| 000 | 00469cam a2200193ua 4500 | ||
|---|---|---|---|
| 001 | 3395 | ||
| 005 | 20260515113654.0 | ||
| 008 | 111022n ii |||gr||||Z||||||asm | ||
| 040 | _cMAIN | ||
| 082 | _a891.4513 | ||
| 100 | 1 | _aMazumder, Lila, | |
| 245 | 1 | 1 |
_aCirakaler galpa kotha _cby Lila Mazumder |
| 250 | _a1st. | ||
| 260 |
_aKolkata: _bPunash,991. |
||
| 300 |
_a614p: _c23cm. |
||
| 653 | _aAssamese short storie | ||
| 653 | _aCirakaler galpa kotha | ||
| 942 | _cBK | ||
| 999 |
_c3237 _d3237 |
||